Euroopan maantiedettä kirjaimittain - P #2 - Statistics

Yleistilastot
  • Tätä visaa on pelattu 773 kertaa
  • Keskiarvotulos 12 / 20
Vastaustilastot
Vihje Vastaus % Oikein
Venäjän entinen pääkaupunki Pietari
96%
Satakunnan maakuntakeskus Pori
92%
Ison-Britannian ja Skandinavian välissä sijaitseva merialue {Pohjan}meri
87%
Suomen toiseksi suurin järvi Päijänne
86%
Yksi Viron suurimmista kaupungeista ja suosittu matkailukohde Pärnu
81%
Kosovon pääkaupunki Pristina
80%
Moskovan keskusaukio, jonka ympärillä sijaitsevat muun muassa Kreml ja Pyhän Vasilin katedraali {Punainen} tori
78%
Yksi Yhdistyneen kuningaskunnan osista Pohjois-Irlanti
77%
Vuonna 79 Vesuviuksen purkauksen tuhoama kaupunki Pompeji
76%
Portugalin toiseksi suurin kaupunki Porto
75%
Montenegron pääkaupunki Podgorica
66%
Pohjois-Karjalassa sijaitseva Suomen neljänneksi suurin järvi Pielinen
65%
Juustostaan ja kinkustaan tunnettu kaupunki Pohjois-Italiassa Parma
59%
Viron ja Venäjän rajalla sijaitseva järvi {Peipsi}järvi
35%
Tšernobylin ydinvoimalaonnettomuuden vuoksi täysin evakuoitu kaupunki, joka on edelleen autio Prypjat
31%
Ukrainan kaupunki, jonka lähellä käytiin merkittävä taistelu Suuressa Pohjan sodassa Pultava
25%
Italian luoteisosissa sijaitseva hallinnollinen alue, jonka pääkaupunki on Torino Piemonte
24%
Yksi Puolan vanhimmista ja suurimmista kaupungeista Poznań
22%
Noin miljoonan asukkaan kaupunki Uralin länsirinteillä Perm
19%
Historiallinen alue Saksan koillisosissa ja Puolan luoteisosissa Pommeri
15%
Ehtoja vastaavia visoja ei löytynyt
Tulosjakauma
Jokaisen tuloksen saaneiden osuus
Persentiili vastausten määrän mukaan
Tuloshistoriasi
Et ole pelannut tätä visaa